| 000 | 00592nam a2200193 a 4500 | ||
|---|---|---|---|
| 001 | 000025794 | ||
| 005 | 20200930024044.0 | ||
| 008 | 100308s1998 mx a 000 d spa d | ||
| 020 | _a9686733442 | ||
| 040 |
_aDO-SdBNP _bspa _cBNPHU |
||
| 082 |
_ann* _bnn* |
||
| 100 | 1 |
_aRojas Gamboa, Enrique. _952602 |
|
| 245 | 1 | 0 |
_aGanesha el destructor de las dificultados : _bhistorias, simbolismo y rituales / _cEnrique Rojas Gamboa. |
| 260 |
_aMéxico, D. F. : _bYug, _c1998. |
||
| 300 |
_a170 p. : _bil. ; _c20 cm. |
||
| 490 | 1 |
_aIndia Eterna. _v8 |
|
| 830 | 0 |
_aIndia Eterna _v8 _952603 |
|
| 049 | _aBNGR | ||
| 999 |
_c25286 _d25286 |
||